Social work : (Record no. 11687)
[ view plain ]
| 000 -LEADER | |
|---|---|
| fixed length control field | 01954cam a2200337 a 4500 |
| 001 - CONTROL NUMBER | |
| control field | 16681321 |
| 003 - CONTROL NUMBER IDENTIFIER | |
| control field | GZU |
| 005 - DATE AND TIME OF LATEST TRANSACTION | |
| control field | 20260311113159.0 |
| 008 - FIXED-LENGTH DATA ELEMENTS--GENERAL INFORMATION | |
| fixed length control field | 110307s2011 enka b 001 0 eng |
| 010 ## - LIBRARY OF CONGRESS CONTROL NUMBER | |
| LC control number | 2011008490 |
| 020 ## - INTERNATIONAL STANDARD BOOK NUMBER | |
| International Standard Book Number | 9781408244708 |
| Qualifying information | pbk. |
| 022 ## - INTERNATIONAL STANDARD SERIAL NUMBER | |
| International Standard Serial Number | . |
| 035 ## - SYSTEM CONTROL NUMBER | |
| System control number | 16681321 |
| 040 ## - CATALOGING SOURCE | |
| Original cataloging agency | DLC |
| Transcribing agency | DLC |
| Modifying agency | GZULib |
| Language of cataloging | eng |
| Description conventions | rda |
| 042 ## - AUTHENTICATION CODE | |
| Authentication code | pcc |
| 050 00 - LIBRARY OF CONGRESS CALL NUMBER | |
| Classification number | HV40 |
| Item number | .SOC 2011 |
| 245 00 - TITLE STATEMENT | |
| Title | Social work : |
| Remainder of title | an introduction to contemporary practice / |
| Statement of responsibility, etc. | Kate Wilson ... [et al.]. |
| 250 ## - EDITION STATEMENT | |
| Edition statement | Second edition. |
| 260 ## - PUBLICATION, DISTRIBUTION, ETC. | |
| Place of publication, distribution, etc. | Harlow, England ; |
| -- | New York : |
| Name of publisher, distributor, etc. | Longman, |
| Date of publication, distribution, etc. | 2011. |
| 300 ## - PHYSICAL DESCRIPTION | |
| Extent | xxi, 735 pages : |
| Other physical details | illustrations ; |
| Dimensions | 25 cm. |
| 336 ## - CONTENT TYPE | |
| Content type term | text |
| Content type code | txt |
| Source | rdacontent |
| 337 ## - MEDIA TYPE | |
| Media type term | unmediated |
| Media type code | n |
| Source | rdamedia |
| 338 ## - CARRIER TYPE | |
| Carrier type term | volume |
| Carrier type code | nc |
| Source | rdacarrier |
| 504 ## - BIBLIOGRAPHY, ETC. NOTE | |
| Bibliography, etc. note | Includes bibliographical references (p. 673-707) and index. |
| 505 0# - FORMATTED CONTENTS NOTE | |
| Formatted contents note | Relationship-based and reflective approaches for contemporary social work practice -- Modern social work in context : policy, politics and organisations -- Contemporary challenges -- The development of social work : key themes and critical debates -- The values and politics of social work practice -- Social work knowledge and practice -- Human development through the lifespan -- Law and social work -- Understanding and using research in social work practice -- Assessment in social work practice -- Communication skills -- Planning and intervening -- Inter-professional working -- User involvement -- Informal family carers -- Social work with children and families -- Social work with adults : policy and practice -- Social work with young offenders -- Social work with disabled children and adults -- Social work with adults with mental health problems -- Social work and drug use -- Social work with vulnerable older people. |
| 520 ## - SUMMARY, ETC. | |
| Summary, etc. | . |
| 650 #0 - SUBJECT ADDED ENTRY--TOPICAL TERM | |
| Topical term or geographic name entry element | Social service. |
| 650 #0 - SUBJECT ADDED ENTRY--TOPICAL TERM | |
| Topical term or geographic name entry element | Social case work. |
| 700 1# - ADDED ENTRY--PERSONAL NAME | |
| Personal name | Wilson, Kate, |
| Dates associated with a name | 1943- |
| Relator term | author |
| 942 ## - ADDED ENTRY ELEMENTS (KOHA) | |
| Source of classification or shelving scheme | Library of Congress Classification |
| Koha item type | Books |
| Edition | Second edition |
| Classification part | 40 |
| Item part | SOC |
| Call number prefix | HV |
| Withdrawn status | Lost status | Source of classification or shelving scheme | Damaged status | Not for loan | Collection code | Home library | Current library | Shelving location | Date acquired | Source of acquisition | Total Checkouts | Full call number | Barcode | Date last seen | Copy number | Price effective from | Koha item type |
|---|---|---|---|---|---|---|---|---|---|---|---|---|---|---|---|---|---|
| Library of Congress Classification | Non-fiction | City Campus Library | City Campus Library | General Stacks | 03/11/2026 | Baroda | HV40 SOC 2011 | 034313 | 03/11/2026 | c. 1 | 03/11/2026 | Books | |||||
| Library of Congress Classification | Non-fiction | City Campus Library | City Campus Library | General Stacks | 03/11/2026 | Baroda | HV40 SOC 2011 | 034314 | 03/11/2026 | c. 2 | 03/11/2026 | Books |